000 01515 a2200241 4500
001 231
005 20260407155415.0
008 260407a2008 arg spa d
003 AR-UNSa-BCEJYS
040 _aAR-UNSa-BCEJYS
_bspa
_cAR-UNSa-BCEJYS
080 _a658.3
_xPersonal. Relaciones humanas en la empresa (Recursos Humanos)
245 1 0 _aAdministración de recursos humanos
020 _a978-970-686-712-4
250 _a14a. ed
264 1 _aMéxico :
_bCengage Learning Editores
_c2008
300 _axxx, 784 p.
_c26 cm
505 _a1. El reto de la administración de recursos humanos - 2. Estrategia y planeación de recursos humanos - 3. Igualdad de oportunidades en el empleo y administración de recursos humanos - 4. Análisis de puestos, participación de los empleados y horarios de trabajo flexibles - 5. Ampliación de la reserva de talento:reclutamiento y carrera profesional - 6. Selección de empleados - 7.Capacitación y desarrollo - 8. Evaluación y mejoramiento del desempeño - 9. Administración dela compensación - 10. Pago por desempeño.Recompenzas para incentivar - 11. Prestaciones para los empleados - 12. Salud y seguridad - 13. Derechos de los empleados y disciplina - 14. La dinámica de las relaciones laborales - 15. Administración de recursos humanos internacional - 16. Desarrollo de sistemas de trabajo de alto desempeño
041 _aspa
942 _cBK
590 _aniveau_biblio:m niveau_hierar:0
100 1 _aBohlander, George W.
700 1 _aSnell, Scott A.
999 _c146
_d146